Dessins Animés par images d'antagonistes - Statistiques

Statistiques générales
  • Ce quiz a été pris 407 fois
  • Le résultat moyen est 11 sur 20
Statistiques - réponses
Par images Réponse % Correct
Dora l'Exploratrice
96%
Les Simpson
96%
Batman
93%
Winx Club
82%
Inspecteur Gadget
78%
Il était une fois la vie
75%
Famille Pirate
66%
Miraculous
66%
Avatar, le dernier maître de l'air
64%
Kim Possible
60%
Code Lyoko
54%
Adventure Time
53%
Ben 10
52%
Les Super Nanas
47%
Souvenirs de Gravity Falls
47%
Wakfu
44%
Pyjamasques
24%
Les Maîtres de l'Univers
19%
G.I. Joe
12%
Capitaine Planète
8%
Aucun quiz correspondant
Distribution des résultats
% des personnes avec chaque résultat
Percentile par nombre de réponses
Votre historique - résultats
Vous n’avez pas pris ce quiz